Hospodárska kríza a podpora malých a stredných podnikov v SR
Opatrenia vlády SR na zmiernenie následkov globálnej finančnej krízy boli Ministerstvom hospodárstva SR rozpracované na 62 bodov. Ide o opatrenia krátkodobého, strednodobého a dlhodobého charakteru. Medzi opatrenia, ktoré predstavovali bezprostrednú reakciu vlády SR na svetovú hospodársku krízu a ma...
Uložené v:
| Hlavný autor: | |
|---|---|
| Médium: | Kapitola |
| Jazyk: | Slovak |
| Predmet: | |
| Tagy: |
Žiadne tagy, Buďte prvý, kto otaguje tento záznam!
|
MARC
| LEADER | 00000nla$a2200000$$$4500 | ||
|---|---|---|---|
| 001 | 0122725 | ||
| 005 | 20220722095132.5 | ||
| 041 | 0 | |a slo | |
| 044 | |a SK | ||
| 245 | 1 | 0 | |a Hospodárska kríza a podpora malých a stredných podnikov v SR |c Lucia Horvátová |
| 520 | |a Opatrenia vlády SR na zmiernenie následkov globálnej finančnej krízy boli Ministerstvom hospodárstva SR rozpracované na 62 bodov. Ide o opatrenia krátkodobého, strednodobého a dlhodobého charakteru. Medzi opatrenia, ktoré predstavovali bezprostrednú reakciu vlády SR na svetovú hospodársku krízu a mali odvrátiť najhoršie dopady krízy patria: šrotovné, pomoc obyvateľom pri splácaní úverov na bývanie pri strate zamestnania v dôsledku hospodárskej krízy, zvýšenie prijatých vysokoškolákov za účelom zníženia počtu nezamestnaných). V rámci koncepcie obnovy hospodárskeho rastu sa vláda SR sústreďuje v krátkodobom horizonte na zrýchlenie čerpania fondov EÚ a realizáciu veľkých investičných projektov. | ||
| 610 | 2 | 0 | |a kríza hospodárska |
| 610 | 2 | 0 | |a opatrenia racionalizačné |
| 610 | 2 | 0 | |a podnik malý |
| 610 | 2 | 0 | |a podnik stredný |
| 610 | 2 | 0 | |a politika hospodárska |
| 610 | 2 | 0 | |a Slovensko |
| 610 | 2 | 0 | |a podpora podnikania |
| 610 | 2 | 0 | |a podpora štátna |
| 100 | 1 | |a Horvátová, Lucia | |